[Event "First Saturday 2006 augusztus FM-B"]
[Site "Budapest"]
[Date "2006.08.05"]
[Round "1"]
[White "Papp, Jozsef"]
[Black "Neuberg, Hans-Gerhard"]
[Result "0-1"]
[WhiteElo "1889"]
[BlackElo "1966"]
[PlyCount "46"]
[EventDate "2006.08.05"]

1. Nf3 g6 2. d4 Bg7 3. e4 d6 4. c4 c5 5. Be3 Nc6 6. Qd2 Qb6 7. b3 cxd4 8. Bf4
Qb4 9. Bd3 Qxd2+ 10. Nbxd2 Nb4 11. Ke2 Nxd3 12. Kxd3 e5 13. Bg3 f5 14. h3 Nf6
15. Rhe1 fxe4+ 16. Nxe4 Nxe4 17. Kxe4 Bf5+ 18. Kd5 Kd7 19. Nd2 Rac8 20. b4 Rhe8
21. c5 Be6+ 22. Ke4 d5+ 23. Kd3 e4+ 0-1

[Event "First Saturday 2006 augusztus FM-B"]
[Site "Budapest"]
[Date "2006.08.05"]
[Round "1"]
[White "Katona, Gabor Zsolt"]
[Black "Kormos, Adam"]
[Result "0-1"]
[WhiteElo "2064"]
[BlackElo "2021"]
[PlyCount "70"]
[EventDate "2006.08.05"]

1. e4 c6 2. d4 d5 3. e5 Bf5 4. Nf3 e6 5. Be2 c5 6. c3 Nc6 7. O-O Nge7 8. Na3 a6
9. Nc2 Rc8 10. Bd3 Bxd3 11. Qxd3 Nf5 12. dxc5 Bxc5 13. Ncd4 Bxd4 14. cxd4 Nb4
15. Qd1 Nc2 16. Bg5 Qd7 17. Rc1 Nb4 18. Rxc8+ Qxc8 19. Qa4+ Nc6 20. Rc1 h6 21.
Bd2 O-O 22. Bb4 Re8 23. Qa3 Qd8 24. Qc3 f6 25. g4 fxe5 26. gxf5 e4 27. Nd2 exf5
28. Re1 f4 29. Bc5 Re6 30. Kh1 Qh4 31. Nxe4 Rxe4 32. Rxe4 dxe4 33. Qc4+ Kh8 34.
d5 Qh3 35. Kg1 Ne5 0-1

[Event "First Saturday 2006 augusztus FM-B"]
[Site "Budapest"]
[Date "2006.08.05"]
[Round "1"]
[White "Zoldy, Robert"]
[Black "Lakat, Gyula"]
[Result "1-0"]
[WhiteElo "2003"]
[BlackElo "2005"]
[PlyCount "91"]
[EventDate "2006.08.05"]

1. e4 Nf6 2. e5 Nd5 3. d4 d6 4. Nf3 Bg4 5. Be2 e6 6. c4 Nb6 7. exd6 cxd6 8. O-O
Be7 9. Nc3 O-O 10. Bf4 Nc6 11. d5 Na5 12. b3 e5 13. Bd2 Rc8 14. Qe1 Naxc4 15.
bxc4 Nxc4 16. Rb1 Bxf3 17. gxf3 Nxd2 18. Qxd2 Bg5 19. Qd3 Bf4 20. Ne4 h5 21.
Kh1 b6 22. Rg1 h4 23. Qa3 f5 24. Nxd6 Rc7 25. Nb5 Rc2 26. Rb2 Rxb2 27. Qxb2 a6
28. Nc3 b5 29. Bd1 Qd6 30. Ne2 Bh6 31. Qc3 Kh7 32. Bb3 Rf7 33. Qc6 Rd7 34. Qxd6
Rxd6 35. f4 exf4 36. Kg2 g5 37. Nd4 Kg6 38. Re1 Kf6 39. Re6+ Rxe6 40. Nxe6 a5
41. d6 a4 42. d7 axb3 43. d8=Q+ Kxe6 44. Qb6+ Kd5 45. Qxb5+ Kd4 46. Qb4+ 1-0

[Event "First Saturday 2006 augusztus FM-B"]
[Site "Budapest"]
[Date "2006.08.05"]
[Round "1"]
[White "Teglas, Balazs"]
[Black "Nagy, Aron"]
[Result "1/2-1/2"]
[WhiteElo "2041"]
[BlackElo "1922"]
[PlyCount "36"]
[EventDate "2006.08.05"]

1. d4 d5 2. Nf3 Nf6 3. c4 c6 4. e3 Bf5 5. Nc3 e6 6. Be2 Nbd7 7. O-O Be7 8. Nh4
Bg6 9. Nxg6 hxg6 10. Qc2 Qc7 11. f4 O-O 12. b3 a6 13. Kh1 b5 14. Bd3 bxc4 15.
bxc4 dxc4 16. Bxc4 c5 17. dxc5 Qxc5 18. Na4 Qc6 1/2-1/2

[Event "First Saturday 2006 augusztus FM-B"]
[Site "Budapest"]
[Date "2006.08.05"]
[Round "1"]
[White "Szepes, Tamas"]
[Black "Martin, Bela"]
[Result "0-1"]
[WhiteElo "1937"]
[BlackElo "2027"]
[PlyCount "60"]
[EventDate "2006.08.05"]

1. d4 d5 2. c4 Nc6 3. Nc3 dxc4 4. e3 Nf6 5. Bxc4 e6 6. Nf3 Bb4 7. O-O O-O 8.
Bd3 Re8 9. a3 Bf8 10. Re1 g6 11. Bb5 Bg7 12. e4 a6 13. Bxc6 bxc6 14. Bg5 h6 15.
Bh4 g5 16. Bg3 Rb8 17. b4 Nd7 18. e5 Nb6 19. Qd3 Nd5 20. h3 a5 21. Nxd5 Qxd5
22. bxa5 Qxa5 23. Re4 Ba6 24. Qe3 Qd5 25. Nd2 Red8 26. Rc1 Rb2 27. h4 Rxd2 28.
Rc5 Qa2 29. hxg5 Re2 30. Qf3 Qb1+ 0-1

[Event "First Saturday 2006 augusztus FM-B"]
[Site "Budapest"]
[Date "2006.08.05"]
[Round "1"]
[White "Adorjan, Attila"]
[Black "Surinya, Tibor"]
[Result "1/2-1/2"]
[WhiteElo "1940"]
[BlackElo "1858"]
[PlyCount "38"]
[EventDate "2006.08.05"]

1. e4 c5 2. Nf3 d6 3. d4 cxd4 4. Nxd4 Nf6 5. f3 a6 6. c4 e6 7. Nc3 Be7 8. Nb3
Nc6 9. Be3 Qc7 10. Na4 Nd7 11. Be2 O-O 12. O-O Rb8 13. Rc1 Qd8 14. c5 dxc5 15.
Bxc5 Bxc5+ 16. Naxc5 Nxc5 17. Nxc5 Qe7 18. Nxa6 bxa6 19. Rxc6 Rxb2 1/2-1/2

[Event "First Saturday 2006 augusztus FM-B"]
[Site "Budapest"]
[Date "2006.08.06"]
[Round "2"]
[White "Neuberg, Hans-Gerhard"]
[Black "Surinya, Tibor"]
[Result "1-0"]
[WhiteElo "1966"]
[BlackElo "1858"]
[PlyCount "53"]
[EventDate "2006.08.05"]

1. e4 c5 2. Nf3 d6 3. d4 cxd4 4. Nxd4 Nf6 5. Nc3 a6 6. Bc4 e6 7. O-O Be7 8. Be3
b5 9. Bb3 O-O 10. a3 Re8 11. f3 Bb7 12. Qe1 Nc6 13. Rd1 Nxd4 14. Bxd4 Qc7 15.
Qf2 Rac8 16. Rd2 Nd7 17. Qg3 g6 18. f4 Rf8 19. f5 e5 20. fxg6 exd4 21. Bxf7+
Kg7 22. gxh7+ Kh8 23. Nd5 Bxd5 24. exd5 Bf6 25. Be6 Be5 26. Rxf8+ Rxf8 27. Qg8+
1-0

[Event "First Saturday 2006 augusztus FM-B"]
[Site "Budapest"]
[Date "2006.08.06"]
[Round "2"]
[White "Martin, Bela"]
[Black "Adorjan, Attila"]
[Result "1-0"]
[WhiteElo "2027"]
[BlackElo "1940"]
[PlyCount "97"]
[EventDate "2006.08.05"]

1. e4 c5 2. Nf3 Nc6 3. d4 cxd4 4. Nxd4 Nf6 5. Nc3 e5 6. Ndb5 d6 7. Nd5 Nxd5 8.
exd5 Ne7 9. c3 Ng6 10. Qa4 Bd7 11. Qc4 Bxb5 12. Qxb5+ Qd7 13. Qxd7+ Kxd7 14.
Bd3 Ne7 15. c4 f5 16. f4 g6 17. fxe5 dxe5 18. Be3 Bg7 19. Rb1 e4 20. Be2 Be5
21. O-O h6 22. Rbd1 b6 23. b4 Bc3 24. c5 Bxb4 25. Bb5+ Kd8 26. d6 Bxc5 27. Bxc5
bxc5 28. dxe7+ Kxe7 29. Rd7+ Kf6 30. Rfd1 Rab8 31. a4 Rhg8 32. Rxa7 Rgd8 33.
Rdd7 Rxd7 34. Rxd7 e3 35. Kf1 g5 36. Rd5 c4 37. Ke2 f4 38. Rd1 Kf5 39. Rc1 Rd8
40. Rc2 c3 41. Bd3+ Ke5 42. Rxc3 Rb8 43. Bb5 Kd4 44. Rc4+ Kd5 45. Rc2 Kd4 46.
Rc4+ Kd5 47. Kd3 h5 48. h4 e2 49. Kxe2 1-0

[Event "First Saturday 2006 augusztus FM-B"]
[Site "Budapest"]
[Date "2006.08.06"]
[Round "2"]
[White "Nagy, Aron"]
[Black "Szepes, Tamas"]
[Result "1/2-1/2"]
[WhiteElo "1922"]
[BlackElo "1937"]
[PlyCount "119"]
[EventDate "2006.08.05"]

1. d4 d5 2. c4 e6 3. Nc3 Nf6 4. Nf3 b6 5. cxd5 exd5 6. Bg5 Bb7 7. e3 Be7 8. Bd3
O-O 9. O-O Nbd7 10. Qc2 h6 11. Bf4 Nh5 12. Be5 Nxe5 13. Nxe5 c5 14. Bh7+ Kh8
15. Nxf7+ Rxf7 16. Bg6 Rf8 17. Bxh5 Bf6 18. dxc5 bxc5 19. Ne2 Be5 20. Ng3 Qf6
21. Rab1 Bxg3 22. hxg3 d4 23. exd4 cxd4 24. Qg6 Qe5 25. Rfe1 Qd5 26. f3 d3 27.
Bg4 Rad8 28. Kh1 Rd6 29. Re6 Rxe6 30. Qxe6 Qc5 31. Qg6 d2 32. Rd1 Qc1 33. Qb1
Qxb1 34. Rxb1 Re8 35. Rg1 Re1 36. f4 Ba6 37. Kh2 Bf1 38. Bf3 d1=Q 39. Bxd1 Rxd1
40. a3 Kg8 41. g4 Be2 42. Rxd1 Bxd1 43. Kg3 Kf7 44. Kh4 Bb3 45. g5 hxg5+ 46.
Kxg5 a5 47. f5 a4 48. g4 Bc2 49. Kf4 Kf6 50. g5+ Kf7 51. Ke5 Bb3 52. Kd6 Ke8
53. Kc7 Bc2 54. f6 g6 55. Kd6 Bb3 56. Kc7 Bf7 57. Kc6 Kd8 58. Kd6 Bb3 59. Kc6
Bf7 60. Kd6 1/2-1/2

[Event "First Saturday 2006 augusztus FM-B"]
[Site "Budapest"]
[Date "2006.08.06"]
[Round "2"]
[White "Dobos, Otto"]
[Black "Teglas, Balazs"]
[Result "1/2-1/2"]
[WhiteElo "1864"]
[BlackElo "2041"]
[PlyCount "78"]
[EventDate "2006.08.05"]

1. d4 c5 2. e3 e6 3. c3 b6 4. Qf3 Nc6 5. Bd3 Nf6 6. Ne2 Be7 7. Nd2 Bb7 8. Qh3
e5 9. dxc5 Bxc5 10. Ne4 Nxe4 11. Bxe4 d5 12. Bc2 g6 13. b4 Bd6 14. Bb2 O-O 15.
O-O-O Qe7 16. a3 a5 17. b5 Nd8 18. a4 Ne6 19. Bb3 Nc5 20. Bc2 Bc8 21. Qh6 Be6
22. f4 Ne4 23. Bxe4 dxe4 24. fxe5 Bxe5 25. Nd4 Bg4 26. Nc6 Qe6 27. Nxe5 Bxd1
28. Rxd1 Rad8 29. Rxd8 Rxd8 30. Nc6 Rd3 31. Qf4 Qb3 32. Qb8+ Kg7 33. Qe5+ Kg8
34. Qb8+ Kg7 35. Qe5+ f6 36. Qc7+ Kh6 37. Qf4+ Kg7 38. Qc7+ Kh6 39. Qf4+ Kg7
1/2-1/2

[Event "First Saturday 2006 augusztus FM-B"]
[Site "Budapest"]
[Date "2006.08.06"]
[Round "2"]
[White "Kormos, Adam"]
[Black "Zoldy, Robert"]
[Result "1-0"]
[WhiteElo "2021"]
[BlackElo "2003"]
[PlyCount "45"]
[EventDate "2006.08.05"]

1. e4 c5 2. Nf3 d6 3. d4 cxd4 4. Nxd4 Nf6 5. Nc3 g6 6. Be3 Bg7 7. Be2 O-O 8. g4
Nc6 9. h3 Be6 10. g5 Nd7 11. Nxe6 fxe6 12. Bg4 e5 13. Be6+ Kh8 14. h4 Nd4 15.
Bxd4 exd4 16. h5 Nc5 17. hxg6 Nxe6 18. Qh5 Nxg5 19. Qxg5 e6 20. Rxh7+ Kg8 21.
Qh5 Rxf2 22. Kxf2 dxc3 23. Rh8+ 1-0

[Event "First Saturday 2006 augusztus FM-B"]
[Site "Budapest"]
[Date "2006.08.06"]
[Round "2"]
[White "Papp, Jozsef"]
[Black "Katona, Gabor Zsolt"]
[Result "1-0"]
[WhiteElo "1889"]
[BlackElo "2064"]
[PlyCount "83"]
[EventDate "2006.08.05"]

1. Nf3 Nf6 2. d4 e6 3. a3 d5 4. b3 c5 5. e3 Bd7 6. Nbd2 Nc6 7. Bd3 Be7 8. Bb2
cxd4 9. exd4 O-O 10. Ne5 Qb6 11. Ndf3 h6 12. O-O Rac8 13. Rc1 Rfd8 14. Nxd7
Nxd7 15. Ne5 Ndxe5 16. dxe5 d4 17. f4 Bf8 18. Qg4 Ne7 19. Rf3 Nf5 20. Kh1 Ne3
21. Qh3 a5 22. Rg3 Nf5 23. Bxf5 exf5 24. Qxf5 a4 25. h4 g6 26. e6 Qxe6 27. Qxe6
fxe6 28. Rxg6+ Kf7 29. Rg3 Bg7 30. Rd3 Kg6 31. g3 Kf5 32. Kg2 h5 33. Rd2 e5 34.
fxe5 Bh6 35. Rf1+ Kxe5 36. Re2+ Be3 37. Bc1 Rc3 38. Bb2 Rdc8 39. Rf3 Rxc2 40.
Rfxe3+ Kd5 41. Re5+ Kd6 42. Bxd4 1-0

[Event "First Saturday 2006 augusztus FM-B"]
[Site "Budapest"]
[Date "2006.08.07"]
[Round "3"]
[White "Katona, Gabor Zsolt"]
[Black "Neuberg, Hans-Gerhard"]
[Result "0-1"]
[WhiteElo "2064"]
[BlackElo "1966"]
[PlyCount "115"]
[EventDate "2006.08.05"]

1. e4 e5 2. Nf3 Nc6 3. Bb5 a6 4. Ba4 Nf6 5. O-O b5 6. Bb3 Be7 7. Re1 d6 8. h3
Na5 9. c3 Nxb3 10. axb3 c5 11. d4 Qc7 12. d5 O-O 13. Na3 Bd7 14. Bg5 Bd8 15.
Rc1 Ne8 16. Bxd8 Qxd8 17. b4 cxb4 18. cxb4 Rc8 19. Nc2 f5 20. exf5 Bxf5 21. Ne3
Rxc1 22. Qxc1 Bxh3 23. Nxe5 dxe5 24. gxh3 Qh4 25. Ng4 Qxh3 26. Nxe5 Qh4 27. Qd2
Nf6 28. d6 g6 29. Re3 Kg7 30. Nf3 Qg4+ 31. Kf1 Qc4+ 32. Ke1 Nd5 33. b3 Qxb4 34.
Re7+ Kf6 35. Qxb4 Nxb4 36. Nd4 Nd5 37. Rxh7 Rd8 38. d7 Nb6 39. Rh3 Rxd7 40.
Rf3+ Ke5 41. Nc6+ Kd6 42. Rf6+ Kc7 43. Rxg6 Rd6 44. Ne5 Rxg6 45. Nxg6 Nd5 46.
Kd2 Kd6 47. Kd3 Kc5 48. Ne5 Nf6 49. f3 a5 50. Ng4 Nd5 51. Ne3 Nf4+ 52. Ke4 Ne6
53. Kd3 Nd4 54. f4 Nxb3 55. f5 Nd4 56. f6 Ne6 57. Kc3 Kd6 58. Nc4+ 0-1

[Event "First Saturday 2006 augusztus FM-B"]
[Site "Budapest"]
[Date "2006.08.07"]
[Round "3"]
[White "Zoldy, Robert"]
[Black "Papp, Jozsef"]
[Result "1/2-1/2"]
[WhiteElo "2003"]
[BlackElo "1889"]
[PlyCount "73"]
[EventDate "2006.08.05"]

1. e4 c5 2. Nf3 Nc6 3. d4 cxd4 4. Nxd4 Qc7 5. Nc3 e6 6. Be3 a6 7. Bd3 b5 8. O-O
Nf6 9. Kh1 Bb7 10. Qe2 Be7 11. f4 d6 12. Qf3 O-O 13. Qg3 Nb4 14. f5 e5 15. Nde2
Kh8 16. a3 Nxd3 17. cxd3 Rac8 18. Rac1 Qb8 19. Qh3 d5 20. exd5 Nxd5 21. Nxd5
Rxc1 22. Rxc1 Bxd5 23. d4 Bc4 24. Ng3 Bf6 25. Ne4 Be7 26. Re1 exd4 27. Bxd4 f6
28. Ng5 h6 29. Ne6 Bxe6 30. Rxe6 Qd8 31. Qe3 Bd6 32. Bb6 Qb8 33. h3 Be5 34. Bd4
Bxd4 35. Qxd4 Rd8 36. Qg4 Qb7 37. Re1 1/2-1/2

[Event "First Saturday 2006 augusztus FM-B"]
[Site "Budapest"]
[Date "2006.08.07"]
[Round "3"]
[White "Teglas, Balazs"]
[Black "Lakat, Gyula"]
[Result "1-0"]
[WhiteElo "2041"]
[BlackElo "2005"]
[PlyCount "99"]
[EventDate "2006.08.05"]

1. d4 Nf6 2. c4 e6 3. Nc3 d5 4. cxd5 exd5 5. Bg5 Be7 6. e3 O-O 7. Nf3 Re8 8.
Qc2 c6 9. Bd3 h6 10. Bh4 Na6 11. a3 Ne4 12. Bxe7 Qxe7 13. O-O Nc7 14. b4 Bg4
15. Ne5 Bh5 16. Nxe4 dxe4 17. Bxe4 g5 18. Bh7+ Kg7 19. g4 f6 20. Bg6 fxe5 21.
Bxh5 Rh8 22. Qg6+ Kf8 23. Qf5+ Kg8 24. Qxe5 Qxe5 25. dxe5 Kg7 26. Rad1 Rad8 27.
Rxd8 Rxd8 28. f4 gxf4 29. exf4 Rd5 30. Re1 Ne6 31. f5 Ng5 32. Re3 Rxe5 33. Rxe5
Nf3+ 34. Kf2 Nxe5 35. Kg3 Nc4 36. a4 Nb6 37. h4 Kf6 38. b5 c5 39. Kf4 Nd5+ 40.
Ke4 Nb4 41. a5 a6 42. Be8 Ke7 43. bxa6 Nxa6 44. Bb5 Nc7 45. Bc4 Kd6 46. g5 hxg5
47. hxg5 Ke7 48. Ke5 Ne8 49. f6+ Kf8 50. g6 1-0

[Event "First Saturday 2006 augusztus FM-B"]
[Site "Budapest"]
[Date "2006.08.07"]
[Round "3"]
[White "Szepes, Tamas"]
[Black "Dobos, Otto"]
[Result "1-0"]
[WhiteElo "1937"]
[BlackElo "1864"]
[PlyCount "45"]
[EventDate "2006.08.05"]

1. d4 d5 2. c4 e6 3. Nc3 c6 4. Nf3 dxc4 5. a4 Nf6 6. e3 a5 7. Bxc4 Be7 8. O-O
O-O 9. e4 Nbd7 10. Be3 Bb4 11. Bd3 Ng4 12. Bg5 Be7 13. Bxe7 Qxe7 14. h3 Ngf6
15. Rc1 Rd8 16. e5 Nd5 17. Nxd5 cxd5 18. Rc7 Re8 19. Qc2 g6 20. Bb5 Qd8 21. Rc1
Rf8 22. Qd2 Nb6 23. Qh6 1-0

[Event "First Saturday 2006 augusztus FM-B"]
[Site "Budapest"]
[Date "2006.08.07"]
[Round "3"]
[White "Adorjan, Attila"]
[Black "Nagy, Aron"]
[Result "1/2-1/2"]
[WhiteElo "1940"]
[BlackElo "1922"]
[PlyCount "57"]
[EventDate "2006.08.05"]

1. e4 c5 2. Nf3 e6 3. d4 cxd4 4. Nxd4 a6 5. Nc3 Qc7 6. Be3 Bb4 7. Nde2 Nf6 8.
a3 Bc5 9. Nd4 O-O 10. Be2 d6 11. Qd2 b5 12. b4 Bb6 13. a4 e5 14. Nb3 Bxe3 15.
Qxe3 bxa4 16. Rxa4 Bb7 17. O-O Rc8 18. Na2 Bxe4 19. c4 Nbd7 20. c5 dxc5 21.
bxc5 Qc6 22. Nc3 Bc2 23. Bf3 e4 24. Nd4 Qxc5 25. Nxe4 Nxe4 26. Nxc2 Qxc2 27.
Qxe4 Qxe4 28. Bxe4 Ra7 29. Bf5 1/2-1/2

[Event "First Saturday 2006 augusztus FM-B"]
[Site "Budapest"]
[Date "2006.08.07"]
[Round "3"]
[White "Surinya, Tibor"]
[Black "Martin, Bela"]
[Result "0-1"]
[WhiteElo "1858"]
[BlackElo "2027"]
[PlyCount "98"]
[EventDate "2006.08.05"]

1. d4 d5 2. c4 c6 3. Nf3 Nf6 4. Nc3 dxc4 5. a4 Bf5 6. e3 e6 7. Bxc4 Bb4 8. O-O
O-O 9. Nh4 Bg6 10. Nxg6 hxg6 11. Qc2 Nbd7 12. Bd2 Rc8 13. Rfd1 Qe7 14. Qb3 Nb6
15. Na2 Bd6 16. Rac1 Ne4 17. g3 Qf6 18. Be1 Nxc4 19. Qxc4 Ng5 20. Qe2 Nf3+ 21.
Kg2 Nxe1+ 22. Rxe1 e5 23. dxe5 Qxe5 24. Nc3 Rfd8 25. Red1 a6 26. Rd3 Bc7 27.
Rcd1 Qe7 28. Rxd8+ Rxd8 29. Rxd8+ Qxd8 30. Qd1 Qxd1 31. Nxd1 b5 32. axb5 cxb5
33. Kf3 f5 34. e4 Kf7 35. exf5 gxf5 36. Ke3 Ke6 37. Kd3 Bb6 38. f3 g6 39. g4
fxg4 40. fxg4 Ke5 41. Ne3 Ba7 42. Ng2 a5 43. h4 a4 44. g5 Kf5 45. Kc3 Bc5 46.
Kd3 b4 47. Kc2 Kg4 48. h5 gxh5 49. g6 Bf8 0-1

[Event "First Saturday 2006 augusztus FM-B"]
[Site "Budapest"]
[Date "2006.08.08"]
[Round "4"]
[White "Neuberg, Hans-Gerhard"]
[Black "Martin, Bela"]
[Result "1/2-1/2"]
[WhiteElo "1966"]
[BlackElo "2027"]
[PlyCount "21"]
[EventDate "2006.08.05"]

1. e4 c5 2. Nf3 d6 3. d4 cxd4 4. Nxd4 Nf6 5. Nc3 Nc6 6. Be2 e5 7. Nf3 h6 8. h3
Be7 9. Be3 O-O 10. Qd2 Be6 11. Rd1 1/2-1/2

[Event "First Saturday 2006 augusztus FM-B"]
[Site "Budapest"]
[Date "2006.08.08"]
[Round "4"]
[White "Nagy, Aron"]
[Black "Surinya, Tibor"]
[Result "1-0"]
[WhiteElo "1922"]
[BlackElo "1858"]
[PlyCount "71"]
[EventDate "2006.08.05"]

1. d4 Nf6 2. c4 e6 3. Nc3 Bb4 4. Qc2 Bxc3+ 5. Qxc3 Ne4 6. Qc2 f5 7. Nh3 b6 8.
f3 Nf6 9. e3 Bb7 10. Be2 d6 11. Bd2 O-O 12. Bc3 Nbd7 13. O-O Qe7 14. Rad1 g6
15. Nf2 e5 16. dxe5 dxe5 17. Rd2 Rad8 18. Rfd1 e4 19. f4 Nb8 20. b3 Nc6 21. Ba1
Rxd2 22. Rxd2 Rd8 23. Rxd8+ Qxd8 24. Qc3 Kf7 25. g4 Qe7 26. g5 Ne8 27. Qh8 Ke6
28. c5 Kd7 29. Bc4 Nb4 30. cxb6 axb6 31. Bg8 Bd5 32. Bf6 Nxf6 33. gxf6 Qe8 34.
Qg7+ Kd8 35. Bxd5 Nxd5 36. f7 1-0

[Event "First Saturday 2006 augusztus FM-B"]
[Site "Budapest"]
[Date "2006.08.08"]
[Round "4"]
[White "Dobos, Otto"]
[Black "Adorjan, Attila"]
[Result "1-0"]
[WhiteElo "1864"]
[BlackElo "1940"]
[PlyCount "113"]
[EventDate "2006.08.05"]

1. d4 d5 2. Bf4 e6 3. e3 c5 4. c3 Qb6 5. Qb3 c4 6. Qc2 Nc6 7. Nd2 Qa5 8. Ngf3
Nf6 9. Be2 b5 10. O-O Be7 11. h3 Bb7 12. Ne5 Qb6 13. Bf3 Rd8 14. Rfe1 O-O 15.
e4 dxe4 16. Nxe4 Nd5 17. Nxc6 Qxc6 18. Bg5 f6 19. Bh4 Qd7 20. Bg3 Rc8 21. Re2
f5 22. Nd2 Rf6 23. Rae1 Re8 24. Bh4 Rg6 25. Bxe7 Rxe7 26. Bxd5 Bxd5 27. f3 Qd6
28. Re5 Rc7 29. Qd1 Qd8 30. Qe2 Rc8 31. Qf2 a5 32. Nf1 f4 33. Nh2 Rg3 34. Nf1
Rg6 35. Nh2 b4 36. Ng4 bxc3 37. bxc3 Rb8 38. Qd2 Qh4 39. Qxf4 Rf8 40. Qh2 h5
41. g3 hxg4 42. gxh4 gxf3+ 43. Kf1 Rg2 44. Qxg2 fxg2+ 45. Kg1 Rf3 46. R5e3 Rf4
47. Re5 Rxh4 48. Rxd5 exd5 49. Kxg2 Rh5 50. Re8+ Kf7 51. Ra8 Rg5+ 52. Kf3 Rh5
53. Kg4 Rh6 54. Ra7+ Kf8 55. Rxa5 Re6 56. Rxd5 Re3 57. Rf5+ 1-0

[Event "First Saturday 2006 augusztus FM-B"]
[Site "Budapest"]
[Date "2006.08.08"]
[Round "4"]
[White "Lakat, Gyula"]
[Black "Szepes, Tamas"]
[Result "0-1"]
[WhiteElo "2005"]
[BlackElo "1937"]
[PlyCount "56"]
[EventDate "2006.08.05"]

1. d4 d5 2. g3 e6 3. Bg2 Nf6 4. Nd2 c5 5. c3 Nc6 6. dxc5 Bxc5 7. b4 Bb6 8. Nh3
O-O 9. O-O e5 10. a4 a5 11. b5 Ne7 12. Ba3 Be6 13. Ng5 Rc8 14. Nxe6 fxe6 15.
Qb3 Ng4 16. Nf3 Nxf2 17. h4 Rxc3 18. Qa2 Qc7 19. Bxe7 Qxe7 20. Rxf2 Bxf2+ 21.
Kxf2 e4 22. Kg1 exf3 23. exf3 Qc5+ 24. Qf2 Qxf2+ 25. Kxf2 Rc2+ 26. Kg1 Rfc8 27.
Kh2 Rf2 28. Re1 Rcc2 0-1

[Event "First Saturday 2006 augusztus FM-B"]
[Site "Budapest"]
[Date "2006.08.08"]
[Round "4"]
[White "Kormos, Adam"]
[Black "Teglas, Balazs"]
[Result "1-0"]
[WhiteElo "2021"]
[BlackElo "2041"]
[PlyCount "61"]
[EventDate "2006.08.05"]

1. e4 e5 2. Nf3 Nf6 3. Nxe5 d6 4. Nf3 Nxe4 5. Nc3 Nf6 6. d4 d5 7. Bd3 Be7 8.
Bf4 Bg4 9. h3 Bh5 10. Qd2 Nc6 11. Nb5 Rc8 12. Bf5 Nd7 13. O-O-O Bg6 14. Bxg6
hxg6 15. Rde1 O-O 16. h4 Nf6 17. Nc3 Bb4 18. Bg5 Qd6 19. Bxf6 Qxf6 20. Qe3 Bxc3
21. bxc3 Na5 22. Ne5 Rfe8 23. Nd7 Qd8 24. Qh3 c6 25. Ne5 Rc7 26. h5 Qg5+ 27. f4
Qxf4+ 28. Kb1 g5 29. h6 g4 30. h7+ Kh8 31. Ng6+ 1-0

[Event "First Saturday 2006 augusztus FM-B"]
[Site "Budapest"]
[Date "2006.08.08"]
[Round "4"]
[White "Katona, Gabor Zsolt"]
[Black "Zoldy, Robert"]
[Result "0-1"]
[WhiteElo "2064"]
[BlackElo "2003"]
[PlyCount "46"]
[EventDate "2006.08.05"]

1. e4 c5 2. Nf3 d6 3. d4 cxd4 4. Nxd4 Nf6 5. Nc3 g6 6. f4 Nc6 7. Nxc6 bxc6 8.
e5 Nd7 9. exd6 exd6 10. Be3 Be7 11. Qd2 O-O 12. O-O-O Qa5 13. g4 Rb8 14. Bc4
Nb6 15. Bxb6 Rxb6 16. Kb1 Bf6 17. Ne4 Rxb2+ 18. Kc1 Qxd2+ 19. Rxd2 Bg7 20. Nxd6
Be6 21. Bb3 Bxb3 22. axb3 Ra2 23. Rdd1 Bc3 0-1

[Event "First Saturday 2006 augusztus FM-B"]
[Site "Budapest"]
[Date "2006.08.09"]
[Round "5"]
[White "Zoldy, Robert"]
[Black "Neuberg, Hans-Gerhard"]
[Result "0-1"]
[WhiteElo "2003"]
[BlackElo "1966"]
[PlyCount "48"]
[EventDate "2006.08.05"]

1. e4 e5 2. Nf3 Nc6 3. Bc4 Nf6 4. Ng5 Bc5 5. Bxf7+ Ke7 6. Bb3 Rf8 7. O-O d6 8.
d3 Bg4 9. Qe1 Nd4 10. Nc3 h6 11. Nd5+ Nxd5 12. exd5 Be2 13. Ne6 Qd7 14. Nxc5
Qg4 15. Kh1 Bxf1 16. Qxf1 dxc5 17. Be3 b6 18. c3 Nf5 19. Re1 Rae8 20. d4 cxd4
21. cxd4 Nxe3 22. Rxe3 Qxd4 23. Qc1 Kd8 24. Qc2 Qxe3 0-1

[Event "First Saturday 2006 augusztus FM-B"]
[Site "Budapest"]
[Date "2006.08.09"]
[Round "5"]
[White "Teglas, Balazs"]
[Black "Papp, Jozsef"]
[Result "1-0"]
[WhiteElo "2041"]
[BlackElo "1889"]
[PlyCount "57"]
[EventDate "2006.08.05"]

1. d4 d5 2. c4 e6 3. Nc3 f5 4. Nf3 c6 5. g3 Nf6 6. Bg2 dxc4 7. O-O b5 8. Ne5
Qb6 9. e4 Bb4 10. exf5 Bxc3 11. bxc3 exf5 12. Qf3 O-O 13. Nxc6 Nxc6 14. Qxc6
Qxc6 15. Bxc6 Rb8 16. Bf4 Rb6 17. d5 Bd7 18. Bc7 Ra6 19. Bb7 Ra4 20. Rfe1 Kf7
21. Bd6 Re8 22. Rxe8 Nxe8 23. Bc5 Nf6 24. f3 g5 25. a3 Kg6 26. Re1 Be8 27. Re7
Bf7 28. d6 Be8 29. Rxe8 1-0

[Event "First Saturday 2006 augusztus FM-B"]
[Site "Budapest"]
[Date "2006.08.09"]
[Round "5"]
[White "Szepes, Tamas"]
[Black "Kormos, Adam"]
[Result "0-1"]
[WhiteElo "1937"]
[BlackElo "2021"]
[PlyCount "76"]
[EventDate "2006.08.05"]

1. d4 Nf6 2. c4 e6 3. a3 b6 4. Nc3 Bb7 5. Bg5 d5 6. cxd5 exd5 7. e3 Be7 8. Nf3
O-O 9. Bd3 c5 10. Rc1 Ne4 11. Bxe7 Qxe7 12. O-O Nd7 13. Nd2 f5 14. Ndxe4 fxe4
15. Be2 Qg5 16. dxc5 Ne5 17. c6 Bxc6 18. Kh1 Rad8 19. Nb5 Bxb5 20. Bxb5 Ng4 21.
Qe2 Qh4 22. h3 Rf3 23. Kg1 Ne5 24. Rc7 Rxh3 25. gxh3 Nf3+ 26. Kg2 Qg5+ 27. Kh1
Qe5 28. Qxf3 exf3 29. Rxa7 Qxb2 30. a4 Rc8 31. Rd7 Qe5 32. Rd1 Qf5 33. Kh2 Rc2
34. Rd8+ Kf7 35. Rd7+ Kf8 36. Rd8+ Ke7 37. Rd7+ Ke6 38. Rf1 Qg5 0-1

[Event "First Saturday 2006 augusztus FM-B"]
[Site "Budapest"]
[Date "2006.08.09"]
[Round "5"]
[White "Adorjan, Attila"]
[Black "Lakat, Gyula"]
[Result "1-0"]
[WhiteElo "1940"]
[BlackElo "2005"]
[PlyCount "59"]
[EventDate "2006.08.05"]

1. e4 Nf6 2. e5 Nd5 3. d4 d6 4. Nf3 Bg4 5. Be2 e6 6. c4 Nb6 7. exd6 cxd6 8. O-O
Nc6 9. d5 Na5 10. Nfd2 Bf5 11. b4 Qf6 12. bxa5 Qxa1 13. axb6 axb6 14. Qb3 Bxb1
15. Nxb1 Qxa2 16. Qb5+ Kd8 17. Qxb6+ Kc8 18. Bg4 Be7 19. Bf4 Ra6 20. Qe3 Kb8
21. dxe6 f6 22. Nc3 Qa3 23. Nd5 Qxe3 24. Bxe3 Re8 25. Bb6 Ra4 26. Bc7+ Ka7 27.
Nxe7 Rxe7 28. Bxd6 Rxc4 29. Bxe7 Rxg4 30. Re1 1-0

[Event "First Saturday 2006 augusztus FM-B"]
[Site "Budapest"]
[Date "2006.08.09"]
[Round "5"]
[White "Surinya, Tibor"]
[Black "Dobos, Otto"]
[Result "1/2-1/2"]
[WhiteElo "1858"]
[BlackElo "1864"]
[PlyCount "108"]
[EventDate "2006.08.05"]

1. d4 d5 2. c4 e6 3. Nc3 dxc4 4. e3 g6 5. Bxc4 Bg7 6. Nf3 Nf6 7. O-O O-O 8. Qc2
c6 9. b3 Nbd7 10. Ba3 Re8 11. Rfd1 a5 12. b4 axb4 13. Bxb4 Nb6 14. Bd3 Nbd5 15.
Nxd5 Nxd5 16. Bd2 Qe7 17. Bc4 Bd7 18. Rab1 b5 19. Bb3 Ra7 20. e4 Nb6 21. Bf4
Rea8 22. Qc5 Qxc5 23. dxc5 Na4 24. Bxa4 Rxa4 25. Rxd7 Rxe4 26. Be3 h6 27. Rd2
Rea4 28. Bd4 Rxa2 29. Rxa2 Rxa2 30. Rc1 b4 31. Bxg7 Kxg7 32. h3 b3 33. Rb1 Rc2
34. Rxb3 Rxc5 35. g4 Rd5 36. Kg2 e5 37. Re3 Kf6 38. Kf1 h5 39. Ke2 hxg4 40.
hxg4 Ra5 41. Rc3 c5 42. Ke3 Rb5 43. Nd2 Kg5 44. Rxc5 Rxc5 45. Ne4+ Kxg4 46.
Nxc5 Kf5 47. Ne4 Ke6 48. Nc5+ Kd5 49. Ne4 Ke6 50. Ng5+ Kf6 51. Nf3 Kf5 52. Nd2
Ke6 53. Ke4 f5+ 54. Ke3 g5 1/2-1/2